|
|
|
|
| LEADER |
00000naa2a2200000 4500 |
| 001 |
242980 |
| 005 |
20251216093355.0 |
| 035 |
|
|
|a (RuTPU)RU\TPU\book\264308
|
| 035 |
|
|
|a RU\TPU\book\264269
|
| 090 |
|
|
|a 242980
|
| 100 |
|
|
|a 20130913d2013 k y0rusy50 ca
|
| 101 |
0 |
|
|a rus
|
| 102 |
|
|
|a RU
|
| 135 |
|
|
|a arnn ---uucaa
|
| 181 |
|
0 |
|a i
|
| 182 |
|
0 |
|a b
|
| 200 |
1 |
|
|a Выбор альтернатив при формировании образовательной траектории бакалавра
|f О. В. Марухина, Е. Е. Мокина, О. Г. Берестнева
|
| 203 |
|
|
|a Текст
|c электронный
|
| 225 |
1 |
|
|a Современные формы и методы обучения в инженерном образовани
|
| 300 |
|
|
|a Заглавие с экрана
|
| 320 |
|
|
|a [Библиогр.: с. 203 (4 назв.)]
|
| 337 |
|
|
|a Adobe Reader
|
| 463 |
|
1 |
|0 (RuTPU)RU\TPU\book\262130
|t Уровневая подготовка специалистов: государственные и международные стандарты инженерного образования
|o сборник трудов научно-методической конференции, 26-30 марта 2013 г., Томск
|f Национальный исследовательский Томский политехнический университет (ТПУ) ; ред. кол. А. И. Чучалин [и др.]
|v [С. 201-203]
|d 2013
|
| 610 |
1 |
|
|a труды учёных ТПУ
|
| 610 |
1 |
|
|a электронный ресурс
|
| 610 |
1 |
|
|a бакалавры
|
| 610 |
1 |
|
|a тестирование
|
| 610 |
1 |
|
|a абитуриенты
|
| 610 |
1 |
|
|a профессиональная направленность
|
| 700 |
|
1 |
|a Марухина
|b О. В.
|c специалист в области оценки качества образования
|c доцент Томского политехнического университета, кандидат технических наук
|f 1974-
|g Ольга Владимировна
|3 (RuTPU)RU\TPU\pers\25935
|9 11785
|
| 701 |
|
1 |
|a Мокина
|b Е. Е.
|c специалист в области информатики и вычислительной техники
|c старший преподаватель Томского политехнического университета, инженер
|f 1978-
|g Елена Евгеньевна
|3 (RuTPU)RU\TPU\pers\26572
|9 12261
|
| 701 |
|
1 |
|a Берестнева
|b О. Г.
|c специалист в области информатики и вычислительной техники
|c профессор Томского политехнического университета, доктор технических наук
|f 1953-
|g Ольга Григорьевна
|3 (RuTPU)RU\TPU\pers\24545
|9 10845
|
| 712 |
0 |
2 |
|a Национальный исследовательский Томский политехнический университет (ТПУ)
|b Институт кибернетики (ИК)
|b Кафедра оптимизации систем управления (ОСУ)
|3 (RuTPU)RU\TPU\col\18702
|
| 712 |
0 |
2 |
|a Национальный исследовательский Томский политехнический университет (ТПУ)
|b Институт кибернетики (ИК)
|b Кафедра прикладной математики (ПМ)
|3 (RuTPU)RU\TPU\col\18700
|
| 801 |
|
2 |
|a RU
|b 63413507
|c 20161111
|g RCR
|
| 856 |
4 |
|
|u http://www.lib.tpu.ru/fulltext/c/2013/C09/114.pdf
|
| 942 |
|
|
|c CF
|